NE OKURSAN O OLUR (Record no. 1157536)

MARC details
000 -LEADER
sabit uzunluktaki kontrol alanı 00234nam a2200097Ia 4500
001 - KONTROL NUMARASI
kontrol alanı 1157536
005 - EN SON İŞLEMİN TARİH VE ZAMANI
kontrol alanı 20250827011243.0
008 - SABİT-UZUNLUKTA VERİ ÖĞELERİ--GENEL BİLGİ
sabit uzunluktaki kontrol alanı 250824s9999 xx 000 0 und d
245 #0 - ESER / YAZAR
ESER ADI NE OKURSAN O OLUR
Yazar Adı ROBERT DIYANNI
260 ## - YAYIN, DAĞITIM, VB.
YAYIN EVİ ANTRE
Holdings
Düşüm durumu Kayıp durumu Hasar Durumu Ödünç verilmez Ana kütüphane Geçerli Kütüphane Edinilen tarih Toplam ödünç verme sayısı Barkod Son görüntüleme tarihi Fiyatın geçerli olmaya başladığı tarih Koha materyal türü
        TÜRK ANADOLU VAKFI İMAM HATİP ORTAOKULU TÜRK ANADOLU VAKFI İMAM HATİP ORTAOKULU 24.08.2025   10854207 27.08.2025 27.08.2025 Books